000 00524nam a22001457a 4500
003 OSt
005 20260422092858.0
008 260413b |||||||| |||| 00| 0 eng d
040 _aKMU
_beng
_cKMU
_dKMU
_eRDA
100 _aMwape, Jones
245 _aInformation Communication and Technology in Transformation of Learning Environment from Teacher Centred to Learner Centred Pedagogy/
_cJones Mwape
260 _aChinsali:
_bKapasa Makasa University,
_c2020.
300 _axiv, 51 pages.:
_billustratons;
_c30 cm.
942 _2lcc
_cPR
_n0
999 _c2610
_d2610